000 00407 a2200169 4500
001 191256
020 _a978-85-359-1616-4
040 _cMagnum
100 _aO´malley, Bryan Lee
240 1 0 _aScott pilgrim contra o mundo
_lpor
245 1 0 _aScott pilgrim contra o mundo
300 _a
362 0 _a2010
440 1 _aCompanhia das Letras
697 _aLITERATURA JUVENIL ESTRANGEIRA
942 _cBK
999 _c191256
_d191256